HACIA UNA NUEVA INSTITUCIONALIDAD: Cambios n la forma d Conducir la Agricultura
| Main Authors: | , |
|---|---|
| Format: | Section = Libro |
| Language: | Undetermined Spanish |
| Published: |
Costa Rica
Agroamerica
1999
|
| Subjects: |
| LEADER | 00569nam a2200205Ia 4500 | ||
|---|---|---|---|
| 008 | 240830s9999 xx 000 0 und d | ||
| 020 | |a 92-9039-397-1 | ||
| 040 | |a B-ESTELÍ- RUACS / 338.181 T787 | ||
| 041 | |a spa | ||
| 082 | |a 338.181 T787 | ||
| 100 | 1 | |a Trejos, Rafael A. | |
| 100 | 1 | |b Lizardo de las Casa, P. | |
| 245 | 1 | 0 | |a HACIA UNA NUEVA INSTITUCIONALIDAD: Cambios n la forma d Conducir la Agricultura |
| 260 | |a Costa Rica |b Agroamerica |c 1999 | ||
| 300 | |a 339 p. | ||
| 650 | 7 | |a AGRICULTURA | |
| 650 | 7 | |b ECONOMIA | |
| 942 | |c BK |2 ddc | ||
| 991 | |a TEXTO | ||
| 999 | |c 10782 | ||